Giáo trình kỹ thuật điện

Giáo trình trình bày những kiến thức cơ bản về mạch điện, phương pháp tính toán mạch điện, dòng điện xoay chiều hình sin một pha và ba pha; nguyên lý, cấu tạo, đặc tính và ứng dụng các loại máy điện kèm ví dụ cụ thể và bài tập ứng dụng...

Full beskrivning

Sparad:
Bibliografiska uppgifter
Huvudupphovsman: Nguyễn, Trọng Thắng
Materialtyp: Bok
Språk:Undetermined
Publicerad: Thành phố Hồ Chí Minh Đại học Quốc gia Thành phố Hồ Chí Minh 2008
Ämnen:
Taggar: Lägg till en tagg
Inga taggar, Lägg till första taggen!
Thư viện lưu trữ: Trung tâm Học liệu Trường Đại học Cần Thơ
LEADER 01116nam a2200229Ia 4500
001 CTU_140283
008 210402s9999 xx 000 0 und d
020 |c 38000 
082 |a 621.3 
082 |b Th116 
100 |a Nguyễn, Trọng Thắng 
245 0 |a Giáo trình kỹ thuật điện 
245 0 |c Nguyễn Trọng Thắng, Lê Thị Thanh Hoàng 
260 |a Thành phố Hồ Chí Minh 
260 |b Đại học Quốc gia Thành phố Hồ Chí Minh 
260 |c 2008 
520 |a Giáo trình trình bày những kiến thức cơ bản về mạch điện, phương pháp tính toán mạch điện, dòng điện xoay chiều hình sin một pha và ba pha; nguyên lý, cấu tạo, đặc tính và ứng dụng các loại máy điện kèm ví dụ cụ thể và bài tập ứng dụng 
526 |a TT. Kỹ thuật điện 1 
526 |b SP348 
650 |a Electric angineering,Kỹ nghệ điện 
904 |i Trọng Hải 
980 |a Trung tâm Học liệu Trường Đại học Cần Thơ